Proceedings of the 1st International Conference on Electronic Engineering and Renewable Energy ICEERE 2018, 15-17 April 2018, Saidia, Morocco /

The proceedings present a selection of refereed papers presented at the 1st International Conference on Electronic Engineering and Renewable Energy (ICEERE 2018) held during 15-17 April 2018, Saidi, Morocco. The contributions from electrical engineers and experts highlight key issues and development...

Full description

Bibliographic Details
Corporate Author: SpringerLink (Online service)
Other Authors: Hajji, Bekkay (Editor, http://id.loc.gov/vocabulary/relators/edt), Tina, Giuseppe Marco (Editor, http://id.loc.gov/vocabulary/relators/edt), Ghoumid, Kamal (Editor, http://id.loc.gov/vocabulary/relators/edt), Rabhi, Abdelhamid (Editor, http://id.loc.gov/vocabulary/relators/edt), Mellit, Adel (Editor, http://id.loc.gov/vocabulary/relators/edt)
Format: Electronic eBook
Language:English
Published: Singapore : Springer Singapore : Imprint: Springer, 2019.
Edition:1st ed. 2019.
Series:Lecture Notes in Electrical Engineering, 519
Subjects:
Online Access:Full Text via HEAL-Link
LEADER 03393nam a2200565 4500
001 978-981-13-1405-6
003 DE-He213
005 20191021202229.0
007 cr nn 008mamaa
008 180801s2019 si | s |||| 0|eng d
020 |a 9789811314056  |9 978-981-13-1405-6 
024 7 |a 10.1007/978-981-13-1405-6  |2 doi 
040 |d GrThAP 
050 4 |a TJ807-830 
050 4 |a TJ807-830 
072 7 |a THX  |2 bicssc 
072 7 |a TEC031010  |2 bisacsh 
072 7 |a THV  |2 thema 
072 7 |a THV  |2 thema 
082 0 4 |a 621.042  |2 23 
082 0 4 |a 621.042  |2 23 
245 1 0 |a Proceedings of the 1st International Conference on Electronic Engineering and Renewable Energy  |h [electronic resource] :  |b ICEERE 2018, 15-17 April 2018, Saidia, Morocco /  |c edited by Bekkay Hajji, Giuseppe Marco Tina, Kamal Ghoumid, Abdelhamid Rabhi, Adel Mellit. 
250 |a 1st ed. 2019. 
264 1 |a Singapore :  |b Springer Singapore :  |b Imprint: Springer,  |c 2019. 
300 |a XV, 786 p. 557 illus.  |b online resource. 
336 |a text  |b txt  |2 rdacontent 
337 |a computer  |b c  |2 rdamedia 
338 |a online resource  |b cr  |2 rdacarrier 
347 |a text file  |b PDF  |2 rda 
490 1 |a Lecture Notes in Electrical Engineering,  |x 1876-1100 ;  |v 519 
520 |a The proceedings present a selection of refereed papers presented at the 1st International Conference on Electronic Engineering and Renewable Energy (ICEERE 2018) held during 15-17 April 2018, Saidi, Morocco. The contributions from electrical engineers and experts highlight key issues and developments essential to the multifaceted field of electrical engineering systems and seek to address multidisciplinary challenges in Information and Communication Technologies. The book has a special focus on energy challenges for developing the Euro-Mediterranean regions through new renewable energy technologies in the agricultural and rural areas. The book is intended for academia, including graduate students, experienced researchers and industrial practitioners working in the fields of Electronic Engineering and Renewable Energy. 
650 0 |a Renewable energy resources. 
650 0 |a Electrical engineering. 
650 1 4 |a Renewable and Green Energy.  |0 http://scigraph.springernature.com/things/product-market-codes/111000 
650 2 4 |a Renewable and Green Energy.  |0 http://scigraph.springernature.com/things/product-market-codes/111000 
650 2 4 |a Communications Engineering, Networks.  |0 http://scigraph.springernature.com/things/product-market-codes/T24035 
700 1 |a Hajji, Bekkay.  |e editor.  |4 edt  |4 http://id.loc.gov/vocabulary/relators/edt 
700 1 |a Tina, Giuseppe Marco.  |e editor.  |4 edt  |4 http://id.loc.gov/vocabulary/relators/edt 
700 1 |a Ghoumid, Kamal.  |e editor.  |4 edt  |4 http://id.loc.gov/vocabulary/relators/edt 
700 1 |a Rabhi, Abdelhamid.  |e editor.  |4 edt  |4 http://id.loc.gov/vocabulary/relators/edt 
700 1 |a Mellit, Adel.  |e editor.  |4 edt  |4 http://id.loc.gov/vocabulary/relators/edt 
710 2 |a SpringerLink (Online service) 
773 0 |t Springer eBooks 
776 0 8 |i Printed edition:  |z 9789811314049 
776 0 8 |i Printed edition:  |z 9789811314063 
776 0 8 |i Printed edition:  |z 9789811346279 
830 0 |a Lecture Notes in Electrical Engineering,  |x 1876-1100 ;  |v 519 
856 4 0 |u https://doi.org/10.1007/978-981-13-1405-6  |z Full Text via HEAL-Link 
912 |a ZDB-2-ENG 
950 |a Engineering (Springer-11647)